Music Quiz

Random Music or Billboard Quiz

Highest Paid Musicians in 2014 (Billboard) Quiz Stats

 Plays Quiz not verified by Sporcle

Challenge
Share
Tweet
Embed
Score 0/40 Timer 12:00
0 Plays Today
Position Artist % Correct
12Beyonce
85.6%
9Jay-Z
82.7%
15Taylor Swift
75%
32Rihanna
72.1%
2Katy Perry
66.3%
17Lady Gaga
61.5%
20Eminem
61.5%
35Elton John
56.7%
1One Direction
51%
18Britney Spears
51%
3Justin Timberlake
50%
21Drake
49%
7Paul McCartney
41.3%
14Miley Cyrus
38.5%
30Celine Dion
35.6%
36P!nk
34.6%
19Zac Brown Band
32.7%
11Bruno Mars
30.8%
29Bruce Springsteen
30.8%
37James Taylor
29.8%
Position Artist % Correct
4Billy Joel
26.9%
27Blake Shelton
23.1%
13Cher
20.2%
5The Eagles
18.3%
33Brad Paisley
18.3%
6Luke Byran
13.5%
10Jason Aldean
13.5%
16Dave Matthews Band
13.5%
22Eric Church
13.5%
38Pearl Jam
12.5%
28Fleetwood Mac
10.6%
31Florida Georgia Line
10.6%
40Tom Petty
10.6%
26Journey
9.6%
8George Strait
8.7%
39Rascal Flatts
8.7%
25Motley Crue
6.7%
24Phish
5.8%
34Marc Anthony
5.8%
23Jimmy Buffett
4.8%

You're not logged in!

Compare scores with friends on all Sporcle quizzes.
OR
Log In

You Might Also Like...

Show Comments

Extras

Top Quizzes Today


Score Distribution

Your Account Isn't Verified!

In order to create a playlist on Sporcle, you need to verify the email address you used during registration. Go to your Sporcle Settings to finish the process.

Report this User

Report this user for behavior that violates our Community Guidelines.

Details: